FAO agricultural servicies bulletin Vol.88.3 Agricultural engineering in development advanced blacksmithing: a training manual

Uloženo v:
Podrobná bibliografie
Hlavní autor: J B Stokes
Médium: Kniha
Jazyk:Undetermined
Vydáno: Rome FAO 1992
Témata:
Tagy: Přidat tag
Žádné tagy, Buďte první, kdo otaguje tento záznam!
Thư viện lưu trữ: Trung tâm Học liệu Trường Đại học Cần Thơ
LEADER 00624nam a2200193Ia 4500
001 CTU_3744
008 210402s9999 xx 000 0 und d
082 |a 630 
082 |b F218/V.88.3 
100 |a J B Stokes 
245 0 |a FAO agricultural servicies bulletin Vol.88.3 
245 0 |b Agricultural engineering in development advanced blacksmithing: a training manual 
245 0 |c J B Stokes 
260 |a Rome 
260 |b FAO 
260 |c 1992 
650 |a agricultural engineering,agriculture,blacksmithing 
904 |i Nguyễn Quang Điền, 960530 
980 |a Trung tâm Học liệu Trường Đại học Cần Thơ